[Event "Checkmate Covid Rematch"]
[Site "Chess.com INT"]
[Date "2021.06.05"]
[Round "?"]
[White "Pink, Joshua"]
[Black "Mehrafarin, Amirabbas"]
[Result "1-0"]
[WhiteElo "1924"]
[BlackElo "1734"]
[PlyCount "131"]
[EventDate "2021.06.05"]
[EventType "swiss (blitz)"]
[EventRounds "20"]
[EventCountry "ENG"]
[SourceTitle "CBM 202 Extra"]
[Source "ChessBase"]
[SourceDate "2021.07.31"]
[SourceVersion "1"]
[SourceVersionDate "2021.07.31"]
[SourceQuality "1"]

1. e4 d5 2. exd5 Qxd5 3. Nc3 Qd8 4. Nf3 Nf6 5. Bc4 e6 6. h3 Be7 7. d3 0-0 8. 0-0 Nc6 9. Bg5 Na5 10. Bb3 Nxb3 11. axb3 a6 12. Qe2 b6 13. Rfe1 Bb7 14. Ne5 Nd5 15. Bxe7 Qxe7 16. Nxd5 Bxd5 17. Qg4 Rfd8 18. Re3 Qf6 19. d4 g6 20. c4 Bb7 21. Rd1 h5 22. Qg3 h4 23. Qg4 Kg7 24. Nf3 Rh8 25. Ng5 Rh5 26. Ne4 Bxe4 27. Rxe4 Rf5 28. Qxh4 Rh8 29. Qxf6+ Kxf6 30. Rde1 Rd8 31. f3 Rg5 32. Kf2 Ra5 33. g4 Ra2 34. R1e2 a5 35. h4 Ra1 36. g5+ Kg7 37. d5 exd5 38. Re7 dxc4 39. bxc4 c5 40. Rb7 Rc1 41. Ree7 Rf8 42. Rxb6 Rxc4 43. Rb5 Rb4 44. Rxb4 cxb4 45. Ra7 Rc8 46. Rxa5 Rc2+ 47. Ke3 Rxb2 48. Rb5 b3 49. Kd3 Rf2 50. Rxb3 Rxf3+ 51. Kc2 Rxb3 52. Kxb3 f6 53. Kc4 f5 54. Kd5 Kf7 55. Kd6 Kg7 56. Ke5 Kf7 57. Kd5 Kg7 58. Kd4 Kf7 59. Ke5 Kg7 60. Kf4 Kf7 61. h5 Kg7 62. h6+ Kh7 63. Ke5 Kg8 64. Kf6 Kh7 65. Ke5 Kg8 66. Kd4 1-0

[Event "Checkmate Covid Rematch"]
[Site "Chess.com INT"]
[Date "2021.06.05"]
[Round "?"]
[White "Pink, Joshua"]
[Black "Towers, Nigel S"]
[Result "0-1"]
[WhiteElo "1924"]
[BlackElo "1858"]
[PlyCount "68"]
[EventDate "2021.06.05"]
[EventType "swiss (blitz)"]
[EventRounds "20"]
[EventCountry "ENG"]
[SourceTitle "CBM 202 Extra"]
[Source "ChessBase"]
[SourceDate "2021.07.31"]
[SourceVersion "1"]
[SourceVersionDate "2021.07.31"]
[SourceQuality "1"]

1. d4 Nf6 2. c4 e6 3. Nc3 Bb4 4. Qc2 c5 5. d5 d6 6. dxe6 Bxe6 7. e3 Qa5 8. Bd2 Nc6 9. Nb5 Bxd2+ 10. Qxd2 Qxd2+ 11. Kxd2 Kd7 12. Nf3 Ne4+ 13. Kc2 Nb4+ 14. Kb3 Nxf2 15. Rg1 Ne4 16. a3 Nc6 17. Bd3 Nf6 18. Rad1 a6 19. Nc3 Kc7 20. Kc2 Na5 21. b3 Nc6 22. e4 Ne5 23. Nxe5 dxe5 24. Nd5+ Bxd5 25. exd5 Kd6 26. Bf5 g6 27. Rgf1 gxf5 28. Rxf5 Ng4 29. Re1 Rhf8 30. h3 Nh6 31. Rfxe5 Rad8 32. Re7 Rd7 33. R7e3 Nf5 34. Rf3 Nd4+ 0-1

[Event "BCF-chT4S 1920 (4NCL)"]
[Site "England"]
[Date "2020.02.08"]
[Round "5.81"]
[White "Pink, Joshua"]
[Black "Saidmurodov, Shahjahon"]
[Result "1/2-1/2"]
[WhiteElo "2057"]
[BlackElo "1891"]
[PlyCount "136"]
[EventDate "2019.11.09"]
[EventType "team-swiss"]
[EventRounds "11"]
[EventCountry "ENG"]
[SourceTitle "EXT 2022"]
[Source "ChessBase"]
[SourceDate "2021.10.06"]
[SourceVersion "1"]
[SourceVersionDate "2021.10.06"]
[SourceQuality "1"]
[WhiteTeam "Throw in the Tal"]
[BlackTeam "CSC III"]
[WhiteTeamCountry "ENG"]
[BlackTeamCountry "ENG"]

1. e4 b6 2. d4 Bb7 3. Bd3 e6 4. Nf3 d5 5. exd5 Bxd5 6. c4 Bb7 7. Nc3 Nf6 8. 0-0 Be7 9. Bg5 0-0 10. Qe2 Nbd7 11. Rfe1 Re8 12. Rad1 Qc8 13. Ne4 h6 14. Bxf6 Nxf6 15. Ne5 c5 16. Nxf6+ Bxf6 17. Qh5 Re7 18. Be4 cxd4 19. Ng4 Bg5 20. h4 Bf4 21. g3 Bxe4 22. Rxe4 g6 23. Qb5 Bd6 24. Rexd4 Bc5 25. R4d3 h5 26. Nf6+ Kg7 27. Ne4 Rc7 28. Qb3 e5 29. Nxc5 Rxc5 30. Rd5 Rxc4 31. Rxe5 Qg4 32. Qd3 Rac8 33. Kg2 Rc2 34. Re4 Qf5 35. Qd4+ Qf6 36. Qxf6+ Kxf6 37. Rd7 Rxb2 38. Rf4+ Ke6 39. Rfxf7 Rcc2 40. Rfe7+ Kf6 41. Rf7+ Ke6 42. Rfe7+ Kf5 43. Rf7+ Ke4 44. Rde7+ Kd5 45. Rxa7 Rxa2 46. Rxa2 Rxa2 47. Rf6 b5 48. Rxg6 b4 49. Rg5+ Kc4 50. Rxh5 b3 51. Rh8 Ra5 52. Rc8+ Rc5 53. Re8 b2 54. Re1 Kb3 55. Rb1 Ka2 56. Rxb2+ Kxb2 57. Kf3 Kc3 58. Ke4 Rh5 59. f4 Kc4 60. f5 Rh8 61. Ke5 Re8+ 62. Kf6 Rg8 63. h5 Rxg3 64. h6 Kd5 65. h7 Rh3 66. Kg7 Ke5 67. h8Q Rxh8 68. Kxh8 Kxf5 1/2-1/2

[Event "GBR-ch Major 106th"]
[Site "Torquay"]
[Date "2019.08.04"]
[Round "9"]
[White "Pink, Joshua"]
[Black "Gogia, Armaan"]
[Result "0-1"]
[WhiteElo "1907"]
[BlackElo "1754"]
[PlyCount "118"]
[EventDate "2019.07.27"]
[EventType "swiss"]
[EventRounds "9"]
[EventCountry "ENG"]
[SourceTitle "EXT 2020"]
[Source "ChessBase"]
[SourceDate "2019.10.17"]
[SourceVersion "1"]
[SourceVersionDate "2019.10.17"]
[SourceQuality "1"]

1. e4 c5 2. Nf3 d6 3. d4 cxd4 4. Nxd4 Nf6 5. Nc3 a6 6. h3 Qb6 7. Nb3 Nc6 8. Be3 Qc7 9. Be2 e6 10. a4 b6 11. 0-0 Be7 12. f4 Bb7 13. Bf3 0-0 14. Qe2 Rfd8 15. Rad1 Nd7 16. Nd4 Bf6 17. g4 Rac8 18. g5 Bxd4 19. Bxd4 Nxd4 20. Rxd4 Qc5 21. Qf2 e5 22. fxe5 Nxe5 23. Bg2 Rc7 24. Nd5 Bxd5 25. Rxd5 Qxc2 26. Qxb6 Qc6 27. Qxc6 Rxc6 28. Rfd1 Nc4 29. e5 Nxb2 30. Rxd6 Rcxd6 31. Rxd6 Rxd6 32. exd6 Kf8 33. Bf1 Nxa4 34. Bxa6 Nc5 35. Bc4 Ne4 36. d7 Ke7 37. h4 Nd6 38. Bd3 Kxd7 39. h5 h6 40. gxh6 gxh6 41. Kg2 Ke7 42. Kg3 Kf6 43. Kf4 Nb7 44. Be2 Nc5 45. Bb5 Ne6+ 46. Kg4 Ke5 47. Bd3 Ng7 48. Be2 f5+ 49. Kg3 Ke4 50. Bf3+ Ke3 51. Bd1 f4+ 52. Kg4 Ke4 53. Bc2+ Ke5 54. Bd1 Nf5 55. Ba4 Ne3+ 56. Kf3 Kf5 57. Bd7+ Kg5 58. Be8 Ng4 59. Bb5 Nf6 0-1

[Event "GBR-ch Major 106th"]
[Site "Torquay"]
[Date "2019.08.03"]
[Round "8"]
[White "Kirupakaran, Vishnu"]
[Black "Pink, Joshua"]
[Result "1/2-1/2"]
[WhiteElo "1771"]
[BlackElo "1907"]
[PlyCount "118"]
[EventDate "2019.07.27"]
[EventType "swiss"]
[EventRounds "9"]
[EventCountry "ENG"]
[SourceTitle "EXT 2020"]
[Source "ChessBase"]
[SourceDate "2019.10.17"]
[SourceVersion "1"]
[SourceVersionDate "2019.10.17"]
[SourceQuality "1"]

1. e4 c6 2. d4 d5 3. e5 Bf5 4. Nf3 e6 5. Be2 Nd7 6. Nbd2 Ne7 7. Nb3 h6 8. 0-0 g5 9. c4 Ng6 10. Be3 f6 11. cxd5 cxd5 12. Bd3 g4 13. Bxf5 exf5 14. Ne1 fxe5 15. dxe5 Ndxe5 16. Nd3 Bd6 17. Nd4 Qf6 18. Nxe5 Nxe5 19. Qa4+ Kf7 20. f3 g3 21. hxg3 Nc4 22. Qd7+ Kg6 23. Bf2 Rh7 24. Qb5 Nb6 25. f4 Re7 26. Nf3 Re4 27. Bxb6 axb6 28. Qxd5 Bc5+ 29. Kh1 Rd8 30. Ne5+ Kg7 31. Qxb7+ Kg8 32. Rad1 Re8 33. Qd5+ Kg7 34. Nf3 Re2 35. Qd7+ R8e7 36. Qc8 Qxb2 37. Rd8 Qxa2 38. Qxf5 Qf7 39. Qg4+ Kf6 40. Nh4 Re1 41. Rd1 Rxf1+ 42. Rxf1 Qh7 43. Qh5 Re6 44. g4 Ke7 45. f5 Re3 46. f6+ Kd7 47. Qd5+ Kc7 48. f7 Qg7 49. Qf5 Qc3 50. Nf3 Bf8 51. Qf4+ Kb7 52. Rd1 Re2 53. Rd7+ Kc8 54. Ra7 Re1+ 55. Nxe1 Qxe1+ 56. Kh2 Qh4+ 57. Kg1 Qe1+ 58. Kh2 Qh4+ 59. Kg1 Qe1+ 1/2-1/2

[Event "GBR-ch AM op 106th"]
[Site "Torquay"]
[Date "2019.08.02"]
[Round "5"]
[White "Burton, Nick"]
[Black "Pink, Joshua"]
[Result "1/2-1/2"]
[WhiteElo "1771"]
[BlackElo "1907"]
[PlyCount "94"]
[EventDate "2019.07.29"]
[EventType "swiss"]
[EventRounds "5"]
[EventCountry "ENG"]
[SourceTitle "EXT 2021"]
[Source "ChessBase"]
[SourceDate "2020.10.23"]
[SourceVersion "1"]
[SourceVersionDate "2020.10.23"]
[SourceQuality "1"]

1. e4 c6 2. d4 d5 3. e5 c5 4. dxc5 e6 5. a3 Bxc5 6. b4 Bb6 7. Bb2 Nc6 8. Nf3 Nge7 9. Bd3 Ng6 10. 0-0 0-0 11. c4 dxc4 12. Bxc4 Qxd1 13. Rxd1 Bc7 14. Re1 a6 15. Nbd2 b6 16. Rac1 Bb7 17. b5 Na5 18. bxa6 Bxf3 19. Nxf3 Nxc4 20. Rxc4 Bd8 21. Nd4 Rxa6 22. Nc6 Be7 23. Nxe7+ Nxe7 24. Rec1 Nd5 25. Kf1 Rd8 26. Ke2 Kf8 27. g3 Ke8 28. Rh4 h6 29. Rg4 g6 30. h4 h5 31. Rgc4 Kd7 32. Kf3 Raa8 33. Ke4 Rdc8 34. Rxc8 Rxc8 35. Rxc8 Kxc8 36. Kd4 Kb7 37. Kc4 Kc6 38. a4 Nc7 39. Ba3 Nd5 40. Bb4 Kb7 41. Bd2 Ka6 42. Bb4 Nc7 43. Bd2 Ne8 44. Bb4 Ng7 45. Bc3 Nf5 46. Bd2 Ne7 47. Bb4 Nc6 1/2-1/2

[Event "GBR-ch AM op 106th"]
[Site "Torquay"]
[Date "2019.07.31"]
[Round "3"]
[White "Lovell, William Pm"]
[Black "Pink, Joshua"]
[Result "1/2-1/2"]
[WhiteElo "1777"]
[BlackElo "1907"]
[PlyCount "88"]
[EventDate "2019.07.29"]
[EventType "swiss"]
[EventRounds "5"]
[EventCountry "ENG"]
[SourceTitle "EXT 2021"]
[Source "ChessBase"]
[SourceDate "2020.10.23"]
[SourceVersion "1"]
[SourceVersionDate "2020.10.23"]
[SourceQuality "1"]

1. c4 f5 2. g3 Nf6 3. Bg2 d6 4. Nc3 e5 5. e3 Be7 6. b4 0-0 7. Nge2 a5 8. b5 Nbd7 9. a4 e4 10. d4 Nb6 11. Nf4 g5 12. Nfd5 Nbxd5 13. Nxd5 Nxd5 14. cxd5 Qe8 15. Qc2 Bd8 16. 0-0 g4 17. h3 h5 18. Rd1 Qf7 19. Qa2 b6 20. hxg4 hxg4 21. Bf1 Kg7 22. Bc4 Qh5 23. Kf1 Qh1+ 24. Ke2 Qf3+ 25. Ke1 Rh8 26. Qe2 Qg2 27. Kd2 Rh2 28. Rf1 Bf6 29. Bb2 Bd7 30. Bc3 Rah8 31. Rae1 Kf7 32. Kc1 Re8 33. Qd2 Kg6 34. Kc2 f4 35. exf4 Bf5 36. Qe3 Reh8 37. Be2 R8h3 38. Kb2 Bh4 39. Qc1 Bf6 40. Qe3 Rh5 41. Kc1 Bd7 42. Bc4 Bf5 43. Be2 R5h3 44. Kb2 Bh4 1/2-1/2